000 00889nam a2200277Ia 4500
003 OSt
005 20220926012142.0
006 a|||||r|||| 00| 0
007 ta
008 220923b |||||||| |||| 00| 0 eng d
020 _a1859732267
_c2872.44
037 _b143, 13/11/2017, CLASSIC BOOKS SERVICES
_cGeneral Book
040 _aRTL
_cRTL
_beng
041 _2eng
_aeng
082 _aY:3(D65,45), N9
100 _aNORRIS Clive
_9315627
245 0 _aMaximum surveillance soceity
_b The rise of CCTV
260 _aNew York
_bBerg
_c1999
300 _aviii,248p
_ccm.
490 _aRoutledge Perspectives on Development
500 _aBibliography: p 425-454
650 _aSociology
700 _a ARMSTRONG Gary
942 _hY:3(D65,45), N9
_cGB
_2CC
999 _c621901
_d621901